000
00210 a2200097 4500
001
11891
100
_a
Carter, a
245
_a
Authority and demoeracy
260
_a
_b
Routledge & Kegan
_c
090
_c
9146
_d
9146
942
_a
NUST-CAE
_c
M
_c
35985
999
_c
246964
_d
246964